[Event "CZE-chT B3 corr"]
[Site "Czech Republic"]
[Date "2000.??.??"]
[Round "?"]
[White "Beter, Daniel"]
[Black "Odehnal, Miroslav"]
[Result "1/2-1/2"]
[WhiteElo "2200"]
[BlackElo "2440"]
[PlyCount "100"]
[EventDate "2000.??.??"]
[EventType "team (corr)"]
[EventRounds "14"]
[EventCountry "CZE"]
[SourceTitle "Corr 2002"]
[Source "ChessBase"]
[SourceDate "2002.05.23"]
[SourceVersion "1"]
[SourceVersionDate "2002.05.23"]
[SourceQuality "1"]

1. e4 c5 2. f4 e6 3. Nf3 d6 4. Nc3 Nc6 5. g3 Nf6 6. Bg2 Be7 7. 0-0 0-0 8. d3 Rb8 9. h3 b5 10. g4 b4 11. Ne2 c4 12. Be3 Ba6 13. Re1 Qc7 14. a3 cxd3 15. cxd3 Rfc8 16. Qd2 Qb7 17. Rec1 bxa3 18. bxa3 Bd8 19. Rc2 Ba5 20. Qd1 Bb6 21. Bxb6 Qxb6+ 22. Kh2 Ne7 23. Rac1 Rxc2 24. Qxc2 Ng6 25. f5 exf5 26. exf5 Ne5 27. d4 Nxf3+ 28. Bxf3 h6 29. Rd1 Qb3 30. Qxb3 Rxb3 31. Kg2 Bxe2 32. Bxe2 Nd5 33. Kf2 Nf4 34. Bf1 Nxh3+ 35. Bxh3 Rxh3 36. Rc1 Rxa3 37. Rc8+ Kh7 38. Rd8 h5 39. gxh5 Ra5 40. Rxd6 Rxf5+ 41. Ke3 Rxh5 42. Ra6 g6 43. Rxa7 Kg7 44. Ke4 Rh8 45. d5 Re8+ 46. Kd4 Kf6 47. Ra1 Re2 48. Kd3 Rb2 49. Kc3 Rb7 50. Kd4 Ke7 1/2-1/2

[Event "CZE-chT B3 corr"]
[Site "Czech Republic"]
[Date "2000.??.??"]
[Round "?"]
[White "Beter, Daniel"]
[Black "Rybakova, Ivana"]
[Result "0-1"]
[WhiteElo "2200"]
[BlackElo "2000"]
[PlyCount "40"]
[EventDate "2000.??.??"]
[EventType "team (corr)"]
[EventRounds "14"]
[EventCountry "CZE"]
[SourceTitle "Corr 2002"]
[Source "ChessBase"]
[SourceDate "2002.05.23"]
[SourceVersion "1"]
[SourceVersionDate "2002.05.23"]
[SourceQuality "1"]

1. e4 e5 2. f4 exf4 3. Nf3 g5 4. h4 g4 5. Ne5 Nf6 6. Bc4 d5 7. exd5 Bd6 8. d4 0-0 9. Bxf4 Nh5 10. g3 f6 11. Nxg4 Qe8+ 12. Kf2 Nxf4 13. gxf4 Qe4 14. Ne3 Kh8 15. c3 Bxf4 16. Ng2 Rg8 17. Nxf4 Bg4 18. Ng6+ Qxg6 19. Bd3 Qh5 20. Qe1 Nd7 0-1

[Event "CZE-chT B3 corr"]
[Site "Czech Republic"]
[Date "2000.??.??"]
[Round "?"]
[White "Mozny, Milos"]
[Black "Beter, Daniel"]
[Result "1-0"]
[WhiteElo "2400"]
[BlackElo "2200"]
[PlyCount "71"]
[EventDate "2000.??.??"]
[EventType "team (corr)"]
[EventRounds "14"]
[EventCountry "CZE"]
[SourceTitle "Corr 2002"]
[Source "ChessBase"]
[SourceDate "2002.05.23"]
[SourceVersion "1"]
[SourceVersionDate "2002.05.23"]
[SourceQuality "1"]

1. d4 d5 2. c4 e6 3. Nf3 Nf6 4. g3 Bb4+ 5. Bd2 Be7 6. Bg2 0-0 7. 0-0 c6 8. b3 b6 9. Qc2 Bb7 10. Nc3 Nbd7 11. Rad1 Rc8 12. e4 c5 13. exd5 exd5 14. Bf4 dxc4 15. d5 cxb3 16. axb3 Re8 17. Ng5 Bf8 18. Bh3 Qe7 19. Qb1 g6 20. Rfe1 Qd8 21. Ne6 fxe6 22. dxe6 Bc6 23. Re3 Ra8 24. Qc1 Bg7 25. exd7 Nxd7 26. Nd5 Ne5 27. Bxe5 Rxe5 28. Rxe5 Bxe5 29. Nb4 Bd5 30. Nxd5 Kh8 31. Ne3 Qg8 32. Rd7 Bd4 33. Bg2 Rd8 34. Rxd8 Qxd8 35. Qc4 a5 36. Qd5 1-0